University Home | Library Home | Institutional Repository

Ragel / (Record no. 140338)

MARC details
000 -LEADER
fixed length control field 00552cam7a220018100 4500
001 - CONTROL NUMBER
control field tmp15591915
003 - CONTROL NUMBER IDENTIFIER
control field UPRA
005 - DATE AND TIME OF LATEST TRANSACTION
control field 20190823084509.0
008 - FIXED-LENGTH DATA ELEMENTS--GENERAL INFORMATION
fixed length control field 950915s1934 sa dut u
035 ## - SYSTEM CONTROL NUMBER
System control number (Sirsi) r11109
035 ## - SYSTEM CONTROL NUMBER
System control number (UPRA)tmp15591915
040 ## - CATALOGING SOURCE
Transcribing agency UPRA
100 0# - MAIN ENTRY--PERSONAL NAME
Personal name Totius, 1877-1953.
Dates associated with a name Totius, 1877-1953.
Linkage A64853.1
245 10 - TITLE STATEMENT
Title Ragel /
Statement of responsibility, etc. verse van Totius [pseud.] ; Met voorwoord van President Steyn.
260 ## - PUBLICATION, DISTRIBUTION, ETC.
Place of publication, distribution, etc. Bloemfontein :
Name of publisher, distributor, etc. Nasionale Pers,
Date of publication, distribution, etc. 1934.
949 ## - LOCAL PROCESSING INFORMATION (OCLC)
a PT5830.D8
w lcc
i -2931
m MAIN
t BOOK
l ON-SHELF

No items available.

© 2026 - The University of Zambia Library - Koha v25.11